000 00726nam a22002051a 4500
005 20110718133546.0
008 091005s1999 001 0 eng d
020 _c0.00
040 _aNEGST Library - Kenya
050 4 _aBS 325.Y36 1999
082 0 _aBS 325.Y36 1999
100 1 _aSociete Chretienne Biblique.
245 1 0 _aBali -le 'fluba 'tre : Zozi blamin pli B.
260 _aAbidjan :
_bSociete Chretienne Bibli,
_c1999.
300 _aviii, 495 p. : i.
500 _a"Le Nouveau Testament en yaoure de Cote d'Ivoire." - T.p. verso. Includes maps on end papers. [Africana]
600 1 0 _aBible. N.T. Yaoure. 1999.
600 1 0 _aYaoure language - Texts.
852 _912.00
999 _c41572
_d41572